Les auteurs maudits et la malédiction littéraire : XIXe et XXe siècle (notice n° 2005176)

détails MARC
000 -LEADER
fixed length control field 01532cam a2200133 4500500
005 - DATE AND TIME OF LATEST TRANSACTION
control field 20260329054618.0
041 ## - LANGUAGE CODE
Language code of text/sound track or separate title fre
042 ## - AUTHENTICATION CODE
Authentication code dc
100 10 - MAIN ENTRY--PERSONAL NAME
Personal name Furgiuele, Gianpaolo
Relator term author
245 00 - TITLE STATEMENT
Title Les auteurs maudits et la malédiction littéraire : XIXe et XXe siècle
260 ## - PUBLICATION, DISTRIBUTION, ETC.
Name of publisher, distributor, etc. Armand Colin,<br/>
Date of publication, distribution, etc. 2023.<br/>
520 ## - SUMMARY, ETC.
Summary, etc. Le mythe de la malédiction littéraire né au XIXe siècle est toujours vivant et prolifique. Gianpaolo Furgiuele montre dans cette étude que loin d’adhérer à une conception vraiment sacrale de la littérature, l’artiste maudit témoigne plutôt d’une stratégie de communication jouant sur l’opposition à la société et au succès. Ce phénomène à l'origine littéraire en est venu à influencer et façonner d’autres disciplines, comme la musique ou le cinéma. Il convient de revisiter ces auteurs, trop superficiellement présentés comme des « ratés » ou des « malheureux » par l'histoire et la littérature. Mais l'analyse du mythe et de son instrumentalisation est aussi l'occasion d'évoquer un petit groupe d’hommes nés pour occuper les premiers rangs dans notre histoire littéraire. Les circonstances ou la fortune ne leur ont pas permis de vivre assez longtemps pour conquérir la place qui leur était due. Ces femmes et ces hommes, par une fatalité singulière, sont morts jeunes et sans avoir pu dire leur dernier mot.
856 41 - ELECTRONIC LOCATION AND ACCESS
Uniform Resource Identifier <a href="https://shs.cairn.info/les-auteurs-maudits-et-la-malediction-litteraire--9782200635909?lang=fr&redirect-ssocas=7080">https://shs.cairn.info/les-auteurs-maudits-et-la-malediction-litteraire--9782200635909?lang=fr&redirect-ssocas=7080</a>

Pas d'exemplaire disponible.

PLUDOC

PLUDOC est la plateforme unique et centralisée de gestion des bibliothèques physiques et numériques de Guinée administré par le CEDUST. Elle est la plus grande base de données de ressources documentaires pour les Étudiants, Enseignants chercheurs et Chercheurs de Guinée.

Adresse

627 919 101/664 919 101

25 boulevard du commerce
Kaloum, Conakry, Guinée

Réseaux sociaux

Powered by Netsen Group @ 2025